000 00621nam a2200229 i 4500
001 C2-0239718
003 PPAK
005 20180727202538.0
008 020629s1998 my a|||| ||||| | eng d
040 _aPPAK
_beng
_cPPAK
_erda
082 0 4 _a641.8654
_223
090 0 0 _a641.8654
_bDEL
_dR
245 0 0 _aDelicious biscuits
264 1 _aKuala Lumpur :
_bCrescent News ,
_c1998
300 _a97 pages :
_bcolour illustrations ;
_c28 cm
336 _2rdacontent
_atext
337 _2rdamedia
_aunmediated
338 _2rdacarrier
_avolume
650 1 0 _aBiscuits
700 0 _aAmelia Mustafa,
_ecompile
942 _ddc
_cB
999 _c54984
_d54984